03099nam a2200313 i 4500003000500000005001700005008004100022040002700063090002400090100003300114245016000147260007300307300001700380336002100397337002500418338002300443502010100466504004200567520176700609700003302376700003402409720004002443720004502483720003302528720003702561942004202598952012802640999001702768CSPC20260226151657.0260226s2025 ph a b 000 0 eng d aCSPCbeng cCSPCerda  aUTH BSOA L119a 20251 aLacoste, Vien T., eauthor. 10aAwareness, usage and effects of e-commerce among clothing vendors in the municipality of Buhi / cVien T. Lacoste, Alaysa O. Ladao, and Aira F. Lecitivo.,  aBuhi, Camarines Sur : bCamarines Sur Polytechnic Colleges, c2025.  a149 leaves.  2rdacontentatext 2rdamediaaunmediated 2rdacarrieravolume aUndergraduate Thesis (BSOA)- Office Administration. cCamarines Sur Polytechnic Colleges, 2025.  aIncludes bibliographical references. 3 aThis study explores the awareness, usage, and effects of e-commerce among the clothing vendors in the municipality of Buhi. This study examines the awareness, adoption, and impact, and impact of e-commerce among clothing vendors in Buhi's public market. The study revealed that fourteen mainly older, female respondents, who have been in the second-hand clothing business for over 10 years, participated. Most had access to technology, but half of them did not sell online. For those who did, Facebook Marketplace was the most popular platform, with little use of Shopee. The findings showed that while the vendors had a moderate understanding of e-commerce, especially in communicating with customers, they lacked knowledge about technical aspects like setting up accounts and managing inventory. They mainly got information from traditional media and personal contacts, with little engagement in digital or government resources. Although they saw some positive impacts of e-commerce, such as increased sales and customer reach, they faced challenges like high prices, limited teach access, scams, and delivery issues. The study found significant links between the vendors' demographic and their use of e-commerce. It concluded that while e-commerce has growth potential, there's a need for training, better infrastructure, and supportive policies to help clothing vendors in Buhi succeed in the digital market. Overall, the findings highlight that while e-commerce offers clear opportunities for growth and competitiveness, local vendors are not yet fully equipped to maximize its potential, and targeted training improved infrastructure, and responsive policies are essential to empower them and ensure their sustainability in the evolving digital economy. 1 aLadao, Alaysa O., eauthor. 1 aLecitivo, Aira F., eauthor. 1 aVerona, Lea Katrine S., eadviser. 1 aInfante, Leonisa O., epanelist, chair. 1 aLuzon, April Z., epanelist.1 aVillar, Mariber M., epanelist.  2ddcn0cUMhL119a iBSOA kUTH m2025 00102ddc4070aBUHIbBUHIcUTHd2026-02-23l0oUTH BSOA L119a 2025p00284UM-BUHr2026-02-26 00:00:00t1-1w2026-02-26yUM c31915d31915